|
|
|
|
| LEADER |
00807nam a22002177a 4500 |
| 001 |
28880 |
| 003 |
BD-DhAAL |
| 005 |
20150218125710.0 |
| 008 |
150218s2011 waua|||| b||| 00| 0 eng d |
| 040 |
|
|
|a BD-DhAAL
|c BD-DhAAL
|
| 082 |
|
|
|2 22
|a 551.6
|
| 245 |
|
|
|a Bangladesh development series, paper no. 28 :
|b The cost of adapting to extreme weather events in a changing climate
|
| 260 |
|
|
|a Washington DC :
|b World Bank,
|c 2011
|
| 300 |
|
|
|a xviii, 41 p. :
|b ill. ;
|c 29 cm.
|
| 504 |
|
|
|a Includes bibliographical references (p. 33-35)
|
| 541 |
|
|
|e 28880
|
| 650 |
|
|
|a Climatic change
|9 8647
|
| 710 |
|
|
|a The world bank
|9 5921
|
| 942 |
|
|
|2 ddc
|c BK
|
| 999 |
|
|
|c 33756
|d 33756
|
| 952 |
|
|
|0 0
|1 0
|2 ddc
|4 0
|6 551_600000000000000_BAN
|7 0
|9 52717
|a C3ER
|b C3ER
|c GEN
|d 2015-02-18
|e C3R
|l 0
|o 551.6 BAN
|p 3010028880
|r 2015-02-18
|t 1
|w 2015-02-18
|y BK
|